[Event "SLO-chT2E"]
[Site "Velenje"]
[Date "2004.11.01"]
[Round "1"]
[White "Krajnc, Leon"]
[Black "Kovac, Mitja"]
[Result "1-0"]
[WhiteElo "2017"]
[BlackElo "2096"]
[PlyCount "43"]
[EventDate "2004.11.01"]
[EventType "team"]
[EventRounds "9"]
[EventCountry "SLO"]
[SourceTitle "EXT 2008"]
[Source "ChessBase"]
[SourceDate "2007.11.25"]
[SourceVersion "1"]
[SourceVersionDate "2007.11.25"]
[SourceQuality "1"]

1. e4 c5 2. Nc3 e6 3. g3 Nc6 4. Bg2 Nf6 5. d3 d5 6. exd5 Nxd5 7. Nf3 Be7 8. 0-0 0-0 9. Nxd5 exd5 10. d4 c4 11. c3 b5 12. a3 Na5 13. Be3 Nb3 14. Rb1 Bf5 15. Ne5 Bxb1 16. Qxb1 Bf6 17. Nc6 Qb6 18. Nb4 Rac8 19. Nxd5 Qd8 20. Re1 a6 21. Be4 g6 22. Nxf6+ 1-0